MARC details
| 000 -CABECERA |
| campo de control de longitud fija |
02046nam a2200277 i 4500 |
| 003 - IDENTIFICADOR DEL NÚMERO DE CONTROL |
| campo de control |
DO-SdBNP |
| 005 - FECHA Y HORA DE LA ÚLTIMA TRANSACCIÓN |
| campo de control |
20250611073818.0 |
| 006 - CÓDIGOS DE INFORMACIÓN DE LONGITUD FIJA--CARACTERÍSTICAS DEL MATERIAL ADICIONAL |
| campo de control de longitud fija |
a||||gr|||| 00| 0 |
| 007 - CAMPO FIJO DE DESCRIPCIÓN FÍSICA--INFORMACIÓN GENERAL |
| campo de control de longitud fija |
ta |
| 008 - DATOS DE LONGITUD FIJA--INFORMACIÓN GENERAL |
| campo de control de longitud fija |
230921e2022 dr c||| |||| 00| 0 spa d |
| 040 ## - FUENTE DE LA CATALOGACIÓN |
| Centro catalogador/agencia de origen |
DO-SdBNP |
| Lengua de catalogación |
spa |
| Centro/agencia transcriptor |
BNPHU |
| Normas de descripción |
rda |
| 082 #4 - NÚMERO DE LA CLASIFICACIÓN DECIMAL DEWEY |
| Número de edición |
22 |
| Número de documento/Ítem |
R426i 2022 |
| 110 1# - ENTRADA PRINCIPAL--NOMBRE DE ENTIDAD CORPORATIVA |
| Nombre de entidad corporativa o nombre de jurisdicción como elemento de entrada |
República Dominicana. |
| Unidad subordinada |
Ministerio de Salud Pública |
| Término indicativo de función/relación |
autor |
| 9 (RLIN) |
80830 |
| 245 10 - MENCIÓN DE TÍTULO |
| Título |
Informe ejecutivo de la presidencia Pro Tempore del Consejo de Ministros de Salud de Centro América y Republica Dominicana: |
| Resto del título |
junio - diciembre 2022 |
| Mención de responsabilidad, etc. |
Presentación, Daniel Rivera. |
| 246 13 - FORMA VARIANTE DE TÍTULO |
| Título propio/Titulo breve |
Informe ejecutivo 2022. |
| 264 #1 - PRODUCCIÓN, PUBLICACIÓN, DISTRIBUCIÓN, FABRICACIÓN Y COPYRIGHT |
| Producción, publicación, distribución, fabricación y copyright |
Punta Cana, República Dominicana : |
| Nombre del de productor, editor, distribuidor, fabricante |
Sistema de Integración Centroamericana, |
| -- |
Pro Tempore, |
| Fecha de producción, publicación, distribución, fabricación o copyright |
2022 |
| 300 ## - DESCRIPCIÓN FÍSICA |
| Extensión |
55 páginas : |
| Otras características físicas |
Ilustraciones, retratos ; |
| Dimensiones |
28 cm. |
| 336 ## - TIPO DE CONTENIDO |
| Fuente |
rdacontent |
| Término de tipo de contenido |
texto |
| Código de tipo de contenido |
txt |
| 337 ## - TIPO DE MEDIO |
| Fuente |
rdamedia |
| Nombre/término del tipo de medio |
sin mediación |
| Código del tipo de medio |
nc |
| 338 ## - TIPO DE SOPORTE |
| Fuente |
rdacarrier |
| Nombre/término del tipo de soporte |
volumen |
| Código del tipo de soporte |
nc |
| 500 ## - NOTA GENERAL |
| Nota general |
Incluye siglas o acrónimos. |
| 505 ## - NOTA DE CONTENIDO CON FORMATO |
| Nota de contenido con formato |
Presentación.-- Introducción. |
| Título |
Reunión de inducción a la PPT COMISCA-RD 2022.-- |
| -- |
Prioridades político- estratégicas para el semestre julio - diciembre 2022.-- |
| -- |
Eje estratégico 1.-- |
| -- |
Eje estratégico 2.-- |
| -- |
Ruta de Salud: una mirada integral hacia la promoción de la salud.-- |
| -- |
Grupo Técnico Especializado de Promoción de la Salud (GTEPS).-- |
| -- |
Grupo Técnico Regional de la Salud Adolescente (GTERSA).-- |
| -- |
Comisión Técnica de Género y Salud (CTGS).-- |
| -- |
Red Centroamericana de Epidemiología de Campo (REDCEC).-- |
| -- |
Grupo Técnico de salud Mental (GTSM).-- |
| -- |
Red Regional de Comunicadores en Salud (REDCOM).-- |
| -- |
Red Regional de Laboratorios Nacionales de Referencias de Centroamérica y República Dominicana (REDLAB).-- |
| -- |
Eje Estratégico 3.-- |
| -- |
Comisión Técnica Regional de Medicamentos (CTRM).-- |
| -- |
Comisión Técnica de Vigilancia de la Salud y Sistemas de Información (COTRVISI).-- |
| -- |
Eje Estratégico 4 para la Gestión del Riesgo en Salud (CTGERS).-- |
| -- |
Anexos. |
| 590 ## - NOTA LOCAL (RLIN) |
| Nota local |
Inventariado 2023 / MF |
| 700 #2 - PUNTO DE ACCESO ADICIONAL--NOMBRE DE PERSONA |
| Nombre de persona |
Rivera, Daniel, |
| 9 (RLIN) |
50394 |
| Término indicativo de función/relación |
presentación |
| 942 ## - ELEMENTOS DE PUNTO DE ACCESO ADICIONAL (KOHA) |
| Fuente del sistema de clasificación o colocación |
Dewey Decimal Classification |
| Tipo de ítem Koha |
Libro |